| 000 | 01163nam a2200289 i 4500 | ||
|---|---|---|---|
| 001 | 000017618 | ||
| 003 | DO-SdBNP | ||
| 005 | 20231128135224.0 | ||
| 007 | ta | ||
| 008 | 100329s1974 dr 000 0 spa d | ||
| 040 |
_aDO-SdBNP _bspa _cBNPHU _erda |
||
| 082 | 4 |
_a923.17293 _bH594a, 1974 _222 |
|
| 100 | 1 |
_aAlfau, Miguel Joaquín _938421 _eautor |
|
| 245 | 1 | 0 |
_aResumen general del activo y pasivo de la sucesión Heureaux : _bhecho por el notario Miguel Joaquín Alfau a requerimiento de la comisión judicial designada para la formación del inventario / _cMiguel Joaquín Alfau. |
| 250 | _aSegunda edición | ||
| 264 |
_aSanto Domingo : _bSociedad Dominicana de Bibliófilos, _c1974. |
||
| 300 |
_a31 páginas ; _c23 cm. |
||
| 336 |
_2rdacontent _atexto _btxt |
||
| 337 |
_2rdamedia _asin mediación _bn |
||
| 338 |
_2rdacarrier _avolumen _bnc |
||
| 590 | _aInventariado, 2023 /MFF | ||
| 600 | 1 | 4 |
_aHeureaux, Ulises, _d1845-1899 _xBienes y propiedades _938422 |
| 650 | 4 |
_aPresidentes _zRepública Dominicana _9599 |
|
| 651 | 4 |
_aRepública Dominicana _xHistoria _y1844-1930 _938423 _vFuentes |
|
| 910 | _aValidado. Control de calidad EMS | ||
| 942 |
_2ddc _cLBS1 |
||
| 999 |
_c17143 _d17143 |
||